OPAC Home

Acts of Sri Lanka : Parliment of The Democratic Socialist Republic of Sri Lanka National Council For Mental Health -' Sahanaya ' ( Incorporation ) Act, No.11 of 1986 (Record no. 44594)

MARC details
000 -LEADER
fixed length control field 00488nam a2200145Ia 4500
008 - FIXED-LENGTH DATA ELEMENTS--GENERAL INFORMATION
fixed length control field 180921t1986 xxu||||| ||||o00| 0 eng d
041 ## - LANGUAGE CODE
Language code of text/sound track or separate title English
080 ## - UNIVERSAL DECIMAL CLASSIFICATION NUMBER
Universal Decimal Classification number Acts Of Sri Lanka Nos.1-45 1986
942 ## - ADDED ENTRY ELEMENTS (KOHA)
Koha item type Books
003 - CONTROL NUMBER IDENTIFIER
control field LK-CoDNM
040 ## - CATALOGING SOURCE
Original cataloging agency LK-CoDNM
Modifying agency LK-CoDNM
Description conventions LK-CoDNM
245 ## - TITLE STATEMENT
Title Acts of Sri Lanka : Parliment of The Democratic Socialist Republic of Sri Lanka National Council For Mental Health -' Sahanaya ' ( Incorporation ) Act, No.11 of 1986
260 ## - PUBLICATION, DISTRIBUTION, ETC. (IMPRINT)
Date of publication, distribution, etc. 1986
300 ## - PHYSICAL DESCRIPTION
Extent 23 cm
Holdings
Withdrawn status Lost status Damaged status Not for loan Collection code Permanent Location Current Location Date acquired Full call number Koha item type
        Government Publications Library National Museum Colombo - Sri Lanka Library National Museum Colombo - Sri Lanka 2013-08-22 Acts Of Sri Lanka Nos.1-45 1986 Books
Copyright © 2023 Department of National Museum, Colombo 07, Sri Lanka Funded by UNESCO IFAP UNESCO